000 01351namaa22003251i 4500
005 20260405121351.0
008 260222s1994 ua a|||fr|m|| 000 0 eng d
040 _aEG-GICUC
_beng
_cEG-GICUC
_dEG-GICUC
_erda
041 0 _aeng
_beng
_bara
049 _aDeposit
097 _aPh.D
099 _aCai01.13.10.Ph.D.1994.Mo.S
100 0 _aMohamed Mahmoud Naguib Hosni ,
_epreparation.
245 1 0 _aStudy onproperties and efficiency of soil liners /
_cBy Mohamed Mahmoud Naguib Hosni ; Supervised Dr. Abdel Fattah Abouleid, Dr. Abdel Salam Salem, Dr. A. Amr Darrag
246 1 5 _aدراسة فى خواص وكفاءة التبطين بالتربة
264 0 _c1994.
300 _a153 Pages :
_billustrations ;
_c25 cm. +
336 _2rda content
_atext
337 _2rdamedia
_aUnmediated
338 _2rdacarrier
_avolume
502 _aThesis (Ph.D)-Cairo University, 1994
504 _aBibliography: pages 148 : 153
653 0 _aStudy onproperties and efficiency
_asoil liners
700 0 _aAbdel Salam Salem
_ethesis advisor.
700 0 _aAbdel Fattah Abouleid
_ethesis advisor.
700 0 _aA. Amr Darrag
_ethesis advisor.
900 _DDepartment of Philosophy
_FFaculty of Engineering
_UCairo University
_b1994
_cAbdel Fattah Abouleid
_cAbdel Salam Salem
_cA. Amr Darrag
905 _aNagat
_eNourhan
942 _2ddc
_cTH
_e21
_n0
999 _c178632